| 000 | 00752nas a2200229 454500 | ||
|---|---|---|---|
| 001 | 18942 | ||
| 005 | 20260407193505.0 | ||
| 008 | 260407s1983####ag###########|||spa#d | ||
| 003 | AR-UNSa-BCEJYS | ||
| 040 |
_aAR-UNSa-BCEJYS _bspa _cAR-UNSa-BCEJYS |
||
| 080 |
_a004 _xCiencia y tecnología de los ordenadores. Informática |
||
| 245 | 1 | 0 | _aComputadoras y sistemas |
| 022 | _a0325-030X | ||
| 264 | 1 |
_aBuenos Aires : _bEdiciones Experiencia _c1983 |
|
| 310 | _aFrecuencia: Mensual | ||
| 942 | _cSER | ||
| 590 | _aniveau_biblio:s niveau_hierar:1 | ||
| 100 | 1 | _aPristupin, Simón | |
| 650 | _aInformática | ||
| 650 | _aBase de datos | ||
| 856 | 4 | 1 |
_uhttps://biblioeco.unsa.edu.ar/pmb/images/revistas/Computadoras y Sistemas.jpg _yImagen de portada _qimage/jpeg |
| 999 |
_c8510 _d8510 |
||